Multi-Category Onesomes Quiz Stats

 Plays Quiz Updated May 7, 2019

Score 0/15 Timer 02:00
3 Plays Today
% Correct
Kansas
97.9%
Bruce Springsteen
97.2%
Whopper
97.1%
April Fool's Day
96.5%
Uranium
96.2%
Black Tuesday
95.9%
Purple
95.7%
Spider-Man
95.1%
% Correct
Muhammad
94.1%
Georgia
92.8%
Doctor Eggman
83.7%
L. L. Zamenhof
81.7%
Sauron
78.3%
Dr. Claw
74.8%
Calder
57%

You're not logged in!

Compare scores with friends on all Sporcle quizzes.
OR
Log In

Show Comments

Extras

Top Quizzes Today


Score Distribution

Your Account Isn't Verified!

In order to create a playlist on Sporcle, you need to verify the email address you used during registration. Go to your Sporcle Settings to finish the process.

Report this User

Report this user for behavior that violates our Community Guidelines.

Details: